Công nghệ chế biến dầu mỏ : ( Giáo trình dùng cho sinh viên Trường Đại học Bách Khoa và các trường khác )
Nội dung gồm 3 phần giới thiệu về dầu khí, nguồn nguyên liệu chưa hydrocacbon quan trọng cho công nghiệp, các quá trình chế biến vật lý trong lọc dầu và các quá trình chế biến hóa học.
Đã lưu trong:
| 主要作者: | |
|---|---|
| 格式: | 图书 |
| 语言: | Undetermined |
| 出版: |
Hà Nội
Khoa học và Kỹ thuật
2009
|
| 主题: | |
| 标签: |
添加标签
没有标签, 成为第一个标记此记录!
|
| Thư viện lưu trữ: | Trung tâm Học liệu Trường Đại học Cần Thơ |
|---|
| LEADER | 01036nam a2200217Ia 4500 | ||
|---|---|---|---|
| 001 | CTU_148739 | ||
| 008 | 210402s9999 xx 000 0 und d | ||
| 020 | |c 64000 | ||
| 082 | |a 665.53 | ||
| 082 | |b H309 | ||
| 100 | |a Lê, Văn Hiếu | ||
| 245 | 0 | |a Công nghệ chế biến dầu mỏ : | |
| 245 | 0 | |b ( Giáo trình dùng cho sinh viên Trường Đại học Bách Khoa và các trường khác ) | |
| 245 | 0 | |c Lê Văn Hiếu | |
| 260 | |a Hà Nội | ||
| 260 | |b Khoa học và Kỹ thuật | ||
| 260 | |c 2009 | ||
| 520 | |a Nội dung gồm 3 phần giới thiệu về dầu khí, nguồn nguyên liệu chưa hydrocacbon quan trọng cho công nghiệp, các quá trình chế biến vật lý trong lọc dầu và các quá trình chế biến hóa học. | ||
| 650 | |a Petroleum,Petroleum engineering,Dầu mõ,Kỹ nghệ chế biến dầu mõ | ||
| 904 | |i Qhieu | ||
| 980 | |a Trung tâm Học liệu Trường Đại học Cần Thơ | ||